Clinical Echocardiography (Record no. 246451)

MARC details
000 -LEADER
fixed length control field 00494nam a2200193Ia 4500
008 - FIXED-LENGTH DATA ELEMENTS--GENERAL INFORMATION
fixed length control field 240913s9999||||xx |||||||||||||| ||und||
082 ## - DEWEY DECIMAL CLASSIFICATION NUMBER
-- 616.0757 Q0
100 ## - MAIN ENTRY--PERSONAL NAME
Personal name Verma K C
245 #0 - TITLE STATEMENT
Title Clinical Echocardiography
250 ## - EDITION STATEMENT
Edition statement 1st
260 ## - PUBLICATION, DISTRIBUTION, ETC. (IMPRINT)
Date of publication, distribution, etc 2010
Name of publisher, distributor, etc CBS Publishers & Distributors Pv
500 ## - GENERAL NOTE
General note REFERENCE
650 ## - SUBJECT ADDED ENTRY--TOPICAL TERM
Topical term or geographic name as entry element Cardiac Care Technology
700 ## - ADDED ENTRY--PERSONAL NAME
Personal name Sourabh Verma
942 ## - ADDED ENTRY ELEMENTS (KOHA)
Item type Reference
Holdings
Withdrawn status Lost status Damaged status Permanent location Current location Shelving location Date acquired Source of acquisition Cost, normal purchase price Full call number Barcode Date last seen Koha item type
      CENTRAL LIBRARY, NOORUL ISLAM CENTRE FOR HIGHER EDUCATION CENTRAL LIBRARY, NOORUL ISLAM CENTRE FOR HIGHER EDUCATION   02/06/2018 Edumart, Thiruvananthapuram 1895.00 616.0757 Q0 77255 09/13/2024 Reference
Visitors:
Copyright © 2024 Central Library NICHE.  All rights reserved.